000 00760nam a2200277 a 4500
008
020 _a0240513924 (pbk.)
049 _aMAIN
090 _aTK6646VID
245 1 0 _aThe video studio /
_cAlan Bermingham.
260 _aOxford :
_bFocal Press,
_c1994.
300 _a3rd ed.
300 _a200 p. :
_bill. ;
_c22 cm.
490 _aMedia manuals.
504 _aIncludes bibliographical references.
650 1 _aTelevision stations.
700 _aBoyce, Ed.
700 _aAngold-Stephens, Ken.
700 _aTalbot-Smith, Michael.
700 _aBermingham, Alan.
907 _a.b10170042
_b17-01-06
_c01-08-05
003
005 20230123134043.0
040 _cNUST
942 _cBOOKS
_kTK6646VID
999 _c159209
_d159209